000
00294nam a22001337a 4500
008
171016b xxu||||| |||| 00| 0 eng d
020
_a
9780073342184
041
_a
eng
080
_a
33
100
_a
52
101
_a
EKO
245
_a
PRINCIPLES OF ECONOMICS
_c
SCHILLER.B.R
942
_2
udc
_c
BK
999
_c
34017
_d
34017